000 00495nam a2200205 a 4500
001 12569
003 CO-ViMGA
008 141112s2004 ck r 000 u spa d
020 _a9507311467
040 _aCO-ViMGA
_bspa
_cCO-ViMGA
082 0 4 _aM 863.6 M17p
100 1 _aMastretta, Ángeles
_918133
245 1 0 _aPuerto Libre
250 _a1 y 2
260 _aBarcelona :
_bSeix Barral,
_c1997
300 _a176p.
490 _aCal y Arena
650 1 4 _aCUENTOS MEXICANOS
942 _2ddc
_cBK
999 _c23564
_d23564